Capitales des Châtelleries de Bordeciel dans Skyrim - Statistiques

Statistiques générales
  • Ce quiz a été pris 55 fois
  • Le résultat moyen est 8 sur 9
Statistiques - réponses
Châtellerie Capitale % Correct
Blancherive Blancherive
100%
Fortdhiver Fortdhiver
98%
Haafingar Solitude
98%
Epervine Epervine
93%
La Brèche Faillaise
93%
La Crevasse Markarth
89%
Le Clois Aubétoile
87%
Estemarche Vendeaume
85%
Hjaalmarche Morthal
78%
Aucun quiz correspondant
Distribution des résultats
% des personnes avec chaque résultat
Percentile par nombre de réponses
Votre historique - résultats
Vous n’avez pas pris ce quiz